| 000 | 01551nam a2200337 c 4500 | ||
|---|---|---|---|
| 999 |
_c480813 _d480813 |
||
| 003 | BLK | ||
| 005 | 20250312105426.0 | ||
| 008 | 221115b bul|||||r ||||||| ||bul|| | ||
| 010 | _aKNG00154108000 | ||
| 020 | _a9786192406127 | ||
| 040 | _aBLK | ||
| 041 |
_aBUL _cBUL |
||
| 080 |
_aИздания за деца и юноши. Книжки-картинки. Читанки. Вж и 372.4 _b087.5 _z087.5:821-93-1 |
||
| 080 |
_aАнглийска литература _b821.111 _z821.111-93-32 _x-93-32 |
||
| 139 |
_aКоледна песен _bК 78 |
||
| 245 | 1 | 0 |
_aКоледна песен _bМузикална книжка _cпо Чарс Дикенс; лит. адапт. Стефания Леонарди Хартли; ил. Фабиана Фиорини; прев. Диана Върголомова. |
| 260 |
_aСофия _bПАН _c2022 _9209558 _n978-954-660- ; 978-954-657- |
||
| 300 |
_a28 с. _bс цв. ил. _c23Х27 см |
||
| 380 | _aDX | ||
| 650 | 4 |
_aКнижки-картинки _9267880 |
|
| 653 | _aкнижки-картинки | ||
| 653 | _aлитература за деца | ||
| 653 | _aдетска литература | ||
| 700 |
_aХартли, Стефания Леонарди _eлит. адапт. _9657 |
||
| 700 |
_aФиорини, Фабиана _eил. _9483305 |
||
| 700 | 1 |
_aВърголомова, Диана Валериева _eпрев. _950214 |
|
| 856 | 4 |
_qpdf _i0.00 _ldisable |
|
| 856 | 4 |
_qpdf _i0.00 _ldisable |
|
| 942 |
_cKNG _n0 _s1 _032 |
||
| 944 |
_aCR _c2022-11-15 _k30538 _lСилвия Димитрова |
||